000 01128cam a2200337 a 4500
999 _c19962
_d19962
001 1017717
003 OSt
005 20210206114929.0
008 880204s1987 ii b 001 0 eng
010 _a 87904485
025 _aI E 55962
040 _aDLC
_coclc
_dDLC
_dOCoLC
_dDLC
043 _aa-ii---
050 0 0 _aDS480.45
_b.B254 1987
082 0 0 _a954.035092
_220
_bBAK/G
100 1 _aBakshi, S. R.
_q(Shiri Ram),
_d1935-
_9124
245 1 0 _aGandhi and Hindu-Muslim Unity /
_cS R Bakshi
260 _aNew Delhi :
_bDeep & Deep Publications,
_c1987.
300 _a190 p.
_c22 cm.
500 _aIncludes index.
504 _aBibliography: p. [183]-185.
600 1 0 _aGandhi,
_cMahatma,
_d1869-1948.
650 0 _aCommunalism
_zIndia
_xHistory.
650 0 _aHindus
_zIndia.
650 0 _aMuslims
_zIndia.
650 0 _aStatesmen
_zIndia
_xBiography.
651 0 _aIndia
_xPolitics and government
_y1919-1947.
906 _a7
_bcbc
_corignew
_d3
_encip
_f19
_gy-gencatlg
942 _2ddc
_cBK
_h954.035092
_iBAK/G
_k954.035092
_mBAK/G